[Event "Abu Dhabi op 14th"]
[Site "Abu Dhabi"]
[Date "2004.08.23"]
[Round "9"]
[White "Iuldachev, Saidali"]
[Black "Mohota, Nisha"]
[Result "1-0"]
[WhiteElo "2550"]
[BlackElo "2331"]
[Annotator "Bangiev,A"]
[PlyCount "77"]
[EventDate "2004.08.14"]
[EventType "swiss"]
[EventRounds "9"]
[EventCountry "UAE"]
[SourceTitle "CBM 103"]
[Source "ChessBase"]
[SourceDate "2004.11.11"]
[SourceVersion "1"]
[SourceVersionDate "2004.11.11"]
[SourceQuality "1"]

1. e4 c5 2. Nc3 Nc6 3. f4 g6 4. Nf3 Bg7 5. a4 e6 6. e5 $5 {Logisch! Weiß
verfolgt damit das Ziel das Feld d6 zu erobern. /\Ne4 bzw.Nb5} (6. d4 cxd4 7.
Nb5) 6... d6 (6... d5 7. d4 $1 (7. Nb5 Bf8 8. Be2 a6 9. Nc3 {1-0 Hartmann
Frobenius,A-Zistl,M/Kaufbeuren 1998/EXT 2001 (53)}) 7... cxd4 (7... a6 8. dxc5)
8. Nb5) (6... Nge7 7. Ne4) 7. Bb5 {Verstärkt Pe5} Nge7 (7... dxe5 8. Bxc6+ bxc6
9. fxe5) 8. d4 {[%mdl 512] Weiß opfert einen Bauern, um den schwarzen König im
Zentrum festzuhalten.} cxd4 9. Qxd4 dxe5 {Der schwarze König gerät nun unter
den starken Druck.} (9... Nf5 10. Qf2 a6 11. Bxc6+ bxc6 12. O-O d5 13. b3 {
/\Ba3} Qa5 $1 $132) 10. Qxd8+ Kxd8 11. fxe5 Nxe5 12. O-O Nxf3+ 13. Rxf3 a6 {
[%cal Oa6b5,Cb5d3,Cf3f7,Yd6e7,Yd6c7] Die schwarze Stellung weist die
Felderschwächen auf d6,c7,e7 auf.} 14. Bg5 $1 {/\Rd1} Bd4+ $5 (14... axb5 15.
Rd1+ Ke8 16. Nxb5 Be5 17. Re3 {[%cal Oe3e5,Ce5b8,Ca8a4,Yd6e7,Yd6c7]} Bb8 18.
Bf6 Rg8 19. c4 (19. Rc3 Bd7 20. Rc7 Nd5 21. Rxd5 exd5 22. Nd6+ Kf8 23. Rxd7
Bxd6 24. Rxd6 $13) 19... Bd7 20. Red3 $36) 15. Kh1 axb5 16. Rd1 e5 (16... Ke8
17. Rxd4 $14) 17. Rxf7 (17. Bf6 Re8 18. Bxe5 Nc6 19. Bxd4 Bg4 $17) 17... Re8
18. Nxb5 {[%cal Ob5d4,Yd6c7,Yd6e7] Weiß bemüht sich die Felder c7,d6,e7 zu
erobern.} Bg4 19. Re1 {/\Nd4} Bc5 {[%cal Oa8a4,Ce1e5,Gd6e7]} (19... Be6 20.
Rxe7 Rxe7 21. Nxd4) 20. Rxe5 {[%cal Oe5c5,Ca8a4,Yd6c7,Yd6e7] Weiß besitzt für
die geopferte Figur zwei Bauern und eine dauerhafte Initiative, also eine
ausreichende Kompensation, die schwarze Stellung bleibt jedoch stabil.} b6 $1 {
[%cal Oa8a4,Gd6c7,Gd6e7] Der Läufer c5 spielt hier eine wichtige Rolle.} 21. h3
(21. b3 $5) 21... Bd7 22. Rxc5 $5 bxc5 23. Nd6 h6 (23... Ra7 $5 24. a5 h6 25.
Bxh6 Ra6 (25... Rh8 26. Bg5 Be6 27. Rg7 $44) 26. Rf6 $13) 24. Bxh6 $6 {Weiß
beabsichtigt damit den Läufer auf g5 festzuhalten.} (24. Bxe7+ Rxe7 25. Nb7+
Ke8 26. Nd6+ Kd8 $11) 24... Be6 (24... Rxa4 25. Bg5 Ra7 26. Nxe8 Bxe8 27. Rg7
Ra1+ 28. Kh2 Re1 $17) (24... Bxa4 25. Bg5 (25. Nxe8 $2 Bxe8) 25... Ra7 26. b3
Bc6 27. Kh2 Rg8 $17 {/\Rd7}) 25. Rh7 Rg8 (25... Rxa4 $17) 26. Bg5 Ra7 27. a5
Rf8 28. a6 Rf1+ 29. Kh2 Ra1 $2 $18 (29... Bd5 $13) 30. Nb7+ Kc8 31. Nxc5 Bc4
32. Bxe7 Bxa6 33. Rh8+ Kc7 34. Bg5 Kc6 35. Nb3 Rd1 36. Rg8 Rd6 37. Bf4 Rf6 38.
Be5 Rf2 39. Bd4 1-0

[Event "RUS-Cup06"]
[Site "Nizhnij Novgorod"]
[Date "1998.07.02"]
[Round "4"]
[White "Korotylev, Alexey"]
[Black "Dvoirys, Semen I"]
[Result "1-0"]
[WhiteElo "2470"]
[BlackElo "2585"]
[Annotator "Bangiev,A"]
[PlyCount "67"]
[EventDate "1998.06.29"]
[EventType "swiss"]
[EventRounds "9"]
[EventCountry "RUS"]
[SourceTitle "EXT 2000"]
[Source "ChessBase"]
[SourceDate "1999.11.16"]
[SourceVersion "1"]
[SourceVersionDate "1999.11.16"]
[SourceQuality "1"]

1. e4 c5 2. Nc3 d6 3. Nge2 a6 4. g3 b5 5. Bg2 Bb7 6. O-O Nf6 7. d3 Nbd7 8. h3
g6 9. g4 b4 10. Nb1 Qc7 11. Ng3 Nb6 12. f4 Bg7 13. Nd2 Nfd7 14. Nf3 e6 (14...
h5 15. gxh5 (15. g5 d5 $132) 15... gxh5 16. Nf5 Rg8 17. Ng5 Nf6 18. e5 $1 dxe5
19. Bxb7 Qxb7 20. fxe5 $16) (14... d5 $5) (14... a5 $5 15. a3 O-O) 15. g5 O-O-O
16. a3 bxa3 17. Rxa3 Nb8 18. c3 d5 19. e5 h6 20. Be3 hxg5 21. Nxg5 Bh6 $6 (
21... d4 $5 22. Bxb7+ Qxb7 23. cxd4 cxd4 24. Bd2 Bf8 $13) 22. Qe1 d4 23. cxd4
cxd4 24. Bd2 Bxg2 25. Kxg2 Bxg5 $6 (25... Bf8 26. Ra1 Kb7 27. Qe4+ Nc6 28. Rfc1
$16) 26. fxg5 Nd5 27. Ne4 $16 Qxe5 $6 28. Rxf7 $18 Rd7 (28... Rdf8 29. Qc1+ Kd8
30. Rb7 $18) 29. Rxd7 Nxd7 30. Rxa6 N7b6 31. Qf2 Kb7 32. Ra5 Rc8 33. Qf7+ Rc7
34. Nc5+ 1-0

[Event "GER CupT 9798"]
[Site "Lippstadt"]
[Date "1998.01.25"]
[Round "?"]
[White "Bangiev, Alexander J"]
[Black "Lutz, Christopher"]
[Result "1/2-1/2"]
[WhiteElo "2395"]
[BlackElo "2555"]
[Annotator "Bangiev,A"]
[PlyCount "84"]
[EventDate "1997.??.??"]
[EventType "team"]
[EventRounds "9"]
[EventCountry "GER"]
[SourceTitle "CBM 063"]
[Source "ChessBase"]
[SourceDate "1998.03.26"]
[SourceVersion "1"]
[SourceVersionDate "1998.03.26"]
[SourceQuality "1"]

1. e4 c5 2. Nc3 Nc6 3. f4 g6 4. Nf3 Bg7 5. Bb5 Nd4 6. O-O Nxb5 7. Nxb5 d5 8. e5
a6 (8... d4 9. c3 a6 10. Na3) 9. Na3 $146 (9. Nc3) 9... Bg4 (9... d4 10. c3 {
-> 8...d4}) (9... b5 10. c3) 10. c3 e6 11. Nc2 (11. d4 $6 cxd4 12. cxd4 Ne7 $15
) 11... Ne7 (11... f6 12. d4 cxd4 13. Ncxd4 fxe5 14. fxe5 $36 {[%csl Ye6]}) 12.
d4 cxd4 13. Ncxd4 (13. cxd4 O-O 14. Ne3 Bxf3 15. Qxf3 Qb6 $17) 13... O-O 14.
Be3 Rc8 15. Qd2 (15. Qe1 $5 Bxf3 16. Rxf3 Qd7 17. Rh3 $36) 15... Bxf3 (15...
Nf5 $5 16. Bf2 (16. Nxf5 Bxf5 17. Nd4 Be4 $15) 16... Bxf3 17. Nxf3 $13) 16.
Rxf3 Nc6 17. Re1 Qd7 18. Bf2 Nxd4 19. Bxd4 Rc6 20. Qf2 f6 (20... b5 21. Rh3
Rfc8 22. Qh4 h6 23. Qf2 a5 24. g4 b4 25. Rf3 $13) 21. exf6 Bxf6 22. Bxf6 Rxf6
23. Qd4 Qf7 (23... Rf8 24. Rfe3 $14) 24. b3 $6 (24. g3 g5 25. Re5 (25. Ref1 Rc4
26. Qe5 gxf4 27. gxf4 Re4 $13) (25. Qe5 gxf4) 25... h6 26. f5 $5 Rxf5 (26...
Rc4 $2 27. fxe6) 27. Rfxf5 exf5 28. Rxd5 $14) 24... Qf8 {/\Qc5} 25. Rf2 Rf7 26.
g3 Rfc7 27. Rfe2 Rxc3 28. Rxe6 Qc5 29. Qxc5 R3xc5 30. Kf2 Kf7 31. R6e2 h5 32.
Rd1 a5 33. Rdd2 Re7 34. Re3 Rxe3 35. Kxe3 Ke6 36. Kd3 (36. Re2 $1 Kd6 37. Kd2
$14 {/\Re5-g5}) 36... Rc1 $1 (36... Kd6 37. Rd1 $14) 37. Re2+ Kd6 38. Re5 Rd1+
39. Kc3 Rc1+ 40. Kd4 Rd1+ 41. Kc3 Rc1+ 42. Kd4 Rd1+ 1/2-1/2

[Event "Pamplona"]
[Site "Pamplona"]
[Date "2003.12.21"]
[Round "2"]
[White "Illescas Cordoba, Miguel"]
[Black "Karjakin, Sergey"]
[Result "1/2-1/2"]
[WhiteElo "2602"]
[BlackElo "2562"]
[Annotator "Bangiev,A"]
[PlyCount "37"]
[EventDate "2003.12.20"]
[EventType "tourn"]
[EventRounds "7"]
[EventCountry "ESP"]
[EventCategory "15"]
[SourceTitle "CBM 099"]
[Source "ChessBase"]
[SourceDate "2004.03.30"]
[SourceVersion "1"]
[SourceVersionDate "2004.03.30"]
[SourceQuality "1"]

1. e4 c5 2. Nc3 d6 3. Nge2 a6 4. g3 b5 5. Bg2 Bb7 6. O-O b4 {Es ist
interessant anzumerken, dass dieser Vorstoß, der sehr natürlich aussieht,
äußert selten in der Praxis ist.} (6... e6 {/\b4}) 7. Nd5 e6 8. Ne3 Nf6 9. d3
Be7 {[%mdl 8]} (9... d5 10. exd5 Nxd5 11. d4 Nxe3 12. Bxe3 Bxg2 13. Kxg2 cxd4
14. Nxd4 Qd5+ 15. Qf3 Qxf3+ 16. Kxf3 Nd7 17. Rad1 $14 {1/2-1/2 Yakovich,Y-Oll,
L/Tallinn 1986/(30)}) 10. a3 {Weiß bemüht sich damit das Spiel sozusagen
umzudrehen, nämlich mehr um Raum im Zentrum zu kämpfen.} (10. f4 {Die
Entwicklung der Initiative am Königsflügel, was in der Variante normal gewesen
wäre, sollte Weiß nicht viel bringen.} O-O 11. g4 Nc6 12. g5 Nd7 13. Ng3 a5 14.
h4 a4 15. Bh3 Qc7 16. h5 Kh8 $15) 10... O-O (10... a5 11. e5 (11. axb4 axb4)
11... Nd5 12. Nxd5 (12. exd6 Qxd6 13. Nc4 Qc7 14. Nf4 O-O) 12... Bxd5 13. Bxd5
exd5 14. e6 O-O 15. axb4 cxb4 16. Nf4 $14) 11. axb4 cxb4 12. e5 (12. f3 $5 {
/\d4 z.B.} Qb6 13. d4 Rc8 14. Kh1 Nbd7 15. Nf4) 12... Nd5 $1 {Schwarz
beabsichtigt den Läufer g2 abzutauschen, um den Königsflügel zu schwächen.} 13.
Nxd5 Bxd5 14. Bxd5 exd5 15. exd6 (15. e6 fxe6 (15... Bf6 16. Nf4) 16. Nf4 Qc8
17. Qg4 Bf6 18. Re1 e5 19. Qxc8 Rxc8 20. Nxd5 Rxc2 21. Nxb4 Rc5) 15... Qxd6 16.
Be3 (16. d4 Nd7 17. Re1 Rfe8) 16... Nc6 (16... Nd7 17. Nd4) 17. d4 a5 18. c3
Qd7 19. Qa4 1/2-1/2

[Event "Olympiad-36"]
[Site "Mallorca"]
[Date "2004.10.23"]
[Round "8"]
[White "Mitkov, Nikola"]
[Black "Zambrana, Oswaldo"]
[Result "1-0"]
[WhiteElo "2539"]
[BlackElo "2473"]
[Annotator "Bangiev,A"]
[PlyCount "81"]
[EventDate "2004.10.15"]
[EventType "team-swiss"]
[EventRounds "14"]
[EventCountry "ESP"]
[SourceTitle "CBM 104"]
[Source "ChessBase"]
[SourceDate "2005.01.27"]
[SourceVersion "1"]
[SourceVersionDate "2005.01.27"]
[SourceQuality "1"]
[WhiteTeam "Macedonia"]
[BlackTeam "Bolivia"]
[WhiteTeamCountry "MKD"]
[BlackTeamCountry "BOL"]

1. e4 c5 2. Nc3 Nc6 3. Bb5 Nd4 4. Bc4 g6 5. Nge2 Bg7 6. O-O a6 7. Nxd4 cxd4 8.
Ne2 Nf6 9. d3 (9. Nxd4 Nxe4) 9... d5 (9... d6 10. Nxd4) 10. exd5 Nxd5 {[%cal
Ye4f5,Ye6f7]} 11. Nf4 {[%cal Of4d5,Ye6f7]} Nxf4 $6 (11... Nc7 {Schwarz: der
Nf4 ist nicht optimal platziert} 12. Qf3 O-O) 12. Bxf4 $14 {[%cal Gc7e5,Gg7e5]}
O-O 13. Qf3 (13. Re1 $5) 13... Qb6 $6 (13... e5 14. Bg3 (14. Bd2 Qc7) 14... Kh8
15. Qe2 f6 16. f4 $14) 14. Bg5 e6 15. a4 $1 {[%mdl 32] Weiß beginnt damit
einen Plan mit dem Ziel die Bauernschwäche auf c2 zu beschützen. Die c-Linie
soll aus weißer Sicht geschlossen bleiben, der Vorstoß b5 verhindert werden,
der Läufer auf c4 möglichst lange im Spiel bleiben.} Bd7 (15... Qxb2 16. Rfb1
Qxc2 17. a5 $16) 16. Qg3 (16. a5 Qb4) 16... e5 (16... Qxb2 17. a5 Qb4 (17...
Qxc2 18. Ra2) 18. Rfb1) 17. a5 Qc5 (17... Qxb2 18. Bd2 Rac8 19. Rfc1 (19. Ra2
Qxa2 20. Bxa2 Rxc2) 19... Rxc4 20. dxc4 $14) 18. b3 (18. Bb3 Rae8 {/\Be6})
18... Qc7 (18... Rae8 {/\Be6} 19. Bc1 $1) (18... Rfe8 {/\Be6} 19. Qf3) 19. f4
$1 e4 $6 (19... Bb5 20. f5) 20. dxe4 $16 Bb5 21. Bd3 {Die Bauernschwäche auf
c2 ist gut verteidigt, dazu ein Mehrbauern und die Initiative am Königsflügel
- Weiß steht also klar besser.} Rac8 22. Qh3 {/\f5} f5 $6 23. e5 {Man beachte:
Der Bauer e5 ist nun ein gedeckter Freibauer geworden, ein starker Bauer fürs
Mittelspiel, auch fürs Endspiel. Der Vorteil besteht auch darin, dass der
Bauer auf d4 nun vom Läufer g7 getrennt ist.} Qd7 24. Bxb5 axb5 25. Qd3 Rc3 26.
Qd2 Rfc8 27. Rac1 {Dies verliert Zeit. Beachte das Manöver Bf8-a3.} (27. Rad1
Bf8 28. Kh1 Rxc2 29. Qxd4 $16) 27... Kf7 28. Rfd1 Bf8 29. Kh1 Ba3 30. Rb1 Rxc2
31. Qxd4 Qxd4 32. Rxd4 Re2 $2 (32... Rc1+ 33. Rd1 Rxb1 34. Rxb1 Ke6) 33. Rd7+
Ke6 34. Rxb7 $18 Bc1 35. Re7+ Kd5 36. Rd7+ Ke4 37. Rd1 Bxf4 38. Re1 Rcc2 39. a6
Be3 40. Rxe2 Rxe2 41. Bxe3 1-0

[Event "Olympiad-36"]
[Site "Mallorca"]
[Date "2004.10.27"]
[Round "12"]
[White "Iuldachev, Saidali"]
[Black "Solomon, Stephen J"]
[Result "1-0"]
[WhiteElo "2550"]
[BlackElo "2435"]
[Annotator "Bangiev,A"]
[PlyCount "41"]
[EventDate "2004.10.15"]
[EventType "team-swiss"]
[EventRounds "14"]
[EventCountry "ESP"]
[SourceTitle "CBM 104"]
[Source "ChessBase"]
[SourceDate "2005.01.27"]
[SourceVersion "1"]
[SourceVersionDate "2005.01.27"]
[SourceQuality "1"]
[WhiteTeam "Uzbekistan"]
[BlackTeam "Australia"]
[WhiteTeamCountry "UZB"]
[BlackTeamCountry "AUS"]

1. e4 c5 2. Nc3 Nc6 3. Bb5 Nd4 4. Bc4 g6 5. Nf3 Bg7 6. Nxd4 cxd4 7. Qf3 e6 $2 {
[%cal Od4c3,Gc7e5,Gg7e5][%mdl 16384] Merkwürdig! Diese Variante ist schon
lange bekannt, aber dieser Verlustzug kommt immer wieder vor.} (7... Nh6) 8.
Nb5 {Das Feld d6 ist nun hoffnungslos für Schwarz verloren, damit auch die
Partie.} Qb6 (8... d6 9. Qa3 $16) 9. Qf4 $18 Ke7 10. b3 f6 11. Nc7 (11. Ba3+
Kd8) 11... Qc5 (11... Rb8 12. Ba3+ Kf7 (12... Kd8 13. Nxe6+) 13. Nb5 $18) 12.
Nxa8 b5 13. a4 bxc4 14. Ba3 Qxa3 15. Rxa3 Bb7 16. Qb8 Bxe4 17. Qxa7 Nh6 18. Nb6
Rd8 19. O-O cxb3 20. Rxb3 Bxc2 21. Nxd7 1-0

[Event "RUS-chT 05th"]
[Site "Maikop"]
[Date "1998.06.08"]
[Round "6"]
[White "Karavaev, Vladimir"]
[Black "Kozak, Alexander"]
[Result "1-0"]
[WhiteElo "2380"]
[BlackElo "2365"]
[Annotator "Bangiev,A"]
[PlyCount "81"]
[EventDate "1998.06.03"]
[EventType "team-tourn"]
[EventRounds "11"]
[EventCountry "RUS"]
[SourceTitle "CBM 066"]
[Source "ChessBase"]
[SourceDate "1998.09.30"]
[SourceVersion "1"]
[SourceVersionDate "1998.09.30"]
[SourceQuality "1"]
[WhiteTeam "Saratov GShK"]
[BlackTeam "Elista Uralan"]
[WhiteTeamCountry "RUS"]
[BlackTeamCountry "RUS"]

1. e4 c5 2. Nc3 Nc6 3. f4 e6 4. Nf3 d5 5. Bb5 Nf6 6. Bxc6+ $5 (6. d3 Bd7 $5) (
6. Ne5 $5 Qc7 7. d3) 6... bxc6 7. d3 Qb6 8. e5 Ng8 (8... Nd7 $142) 9. b3 c4 10.
Na4 Qc7 11. dxc4 dxc4 12. O-O Ba6 13. Re1 Nh6 14. h3 Rd8 15. Qe2 Bb5 16. Qe4
Nf5 17. Kh2 h5 18. Be3 Bb4 19. c3 Be7 20. Nc5 Rd5 21. b4 Nxe3 22. Qxe3 Bxc5 23.
bxc5 Rd3 24. Qe4 g6 25. a4 Ba6 26. Re3 Rd5 27. Nd4 Rxc5 28. Rb1 Bc8 29. Kh1 O-O
30. Rg3 Kg7 31. Rf1 Rd5 32. Rg5 Rfd8 33. Rf3 Kf8 34. Rfg3 c5 35. Rxg6 $3 cxd4 (
35... fxg6 36. Qxg6 Qf7 37. Qh6+ Ke8 38. Nc6 Rd1+ 39. Kh2 R8d2 40. Rg7 $18) 36.
Rg7 $1 dxc3 37. Qh7 $1 $18 Rd1+ 38. Kh2 Ke8 39. Qg8+ Kd7 40. Qxf7+ Kc6 41.
Qxc7+ 1-0

[Event "Dubai op"]
[Site "Dubai"]
[Date "2001.04.15"]
[Round "1"]
[White "Sale, Srdjan"]
[Black "Ehlvest, Jaan"]
[Result "0-1"]
[WhiteElo "2378"]
[BlackElo "2630"]
[Annotator "Bangiev,A"]
[PlyCount "76"]
[EventDate "2001.04.15"]
[EventType "swiss"]
[EventRounds "9"]
[EventCountry "UAE"]
[SourceTitle "CBM 083"]
[Source "ChessBase"]
[SourceDate "2001.07.05"]
[SourceVersion "1"]
[SourceVersionDate "2001.07.05"]
[SourceQuality "1"]

1. e4 c5 2. Nc3 e6 3. f4 Nf6 4. Nf3 d5 5. Bb5+ Bd7 6. Bxd7+ Nbxd7 7. d3 {/\e5}
Nb8 $5 {Dieses ungewöhnliche Manöver ist gegen den Vorstoß e5 gerichtet.} (7...
Be7 $2 8. e5 $36) 8. O-O (8. e5 Nfd7) (8. Ne5 $5 dxe4 9. dxe4 Qxd1+ 10. Kxd1
Nbd7 11. Nc4 $14) 8... Nc6 9. Bd2 (9. Ne5 $5 {Dies verfolgt zwei Ziele: den
Springer c6 (der das Feld d4 besetzen möchte) tauschen, die Wege zum
gegnerischen König (die f-Linie, die Diagonale d1-h5) öffnen. Die Möglichkeit
dafür ergibt sich durch den weißen Entwicklungsvorsprung.} Rc8 (9... dxe4 10.
Nxc6 bxc6 11. dxe4 $14) (9... Nd4 $5) 10. Nxc6 Rxc6 11. e5 (11. Qf3 $5) 11...
Nd7 12. Qf3 {mit weißer Initiative.}) 9... Be7 10. Kh1 O-O 11. Qe1 Nd4 $1 {
Schwarz verfolgt damit ähnlichen Ziele, wie der Zug 9.Se5 (siehe Kommentar zum
9. Zug).} 12. Rc1 Rc8 13. Ne5 b5 14. Nd1 $1 b4 15. c3 $1 bxc3 16. bxc3 Nc6 17.
Nxc6 $1 Rxc6 18. e5 {Es ist interessant anzumerken, dass der im Kommentar zum
9. Zug vorgeschlagene Plan ist immer noch sehr aktuell.} Nd7 19. c4 $1 (19. f5
$6 exf5) (19. Ne3 Ra6 $36) 19... Nb6 20. Ne3 d4 21. Ng4 Qd7 22. Qg3 (22. Qe4 $5
{[%mdl 128]} Na4 23. Rf3 Rb6 24. Rh3 g6 (24... h6 $2 25. Nf6+ $1) 25. Qe1 $1
Rfb8 26. Nf6+ Bxf6 27. exf6 Qc8 28. Qh4 h5 29. Qg5 Rb1 30. Rxh5 Qf8 31. Rh6 $1
Rxc1+ 32. Bxc1 Rb1 33. h3 Rxc1+ 34. Kh2 $18) 22... Kh8 23. Qh3 Na4 24. Rf3 f5 (
24... Rb6 25. Qh5 $18) 25. exf6 Bxf6 26. Re1 $5 (26. Ne5 Bxe5 27. fxe5 $14)
26... Rb6 27. Nxf6 Rxf6 28. f5 Kg8 29. fxe6 (29. Qh5 $1 $36) 29... Rbxe6 30.
Ref1 h6 31. Qh5 (31. Rxf6 Rxf6 32. Rxf6 Qxh3 33. gxh3 gxf6 $15) 31... Rxf3 32.
Qxf3 Rf6 33. Qa8+ Kf7 34. Re1 (34. Rxf6+ Kxf6 35. Kg1 $14) 34... Nb2 35. Qe4
Qc6 36. Qe2 $2 (36. Qe7+ Kg8 37. Qe2 Rg6 $36) 36... Qe6 $1 37. Qh5+ $2 g6 38.
Qh4 Nxd3 0-1

[Event "EU-Cup 20th"]
[Site "Izmir"]
[Date "2004.10.03"]
[Round "1.4"]
[White "Ristoja, Jan"]
[Black "Inarkiev, Ernesto"]
[Result "0-1"]
[WhiteElo "2317"]
[BlackElo "2604"]
[Annotator "Bangiev,A"]
[PlyCount "62"]
[EventDate "2004.10.03"]
[EventType "team-swiss"]
[EventRounds "7"]
[EventCountry "TUR"]
[SourceTitle "CBM 104"]
[Source "ChessBase"]
[SourceDate "2005.01.27"]
[SourceVersion "1"]
[SourceVersionDate "2005.01.27"]
[SourceQuality "1"]
[WhiteTeam "Helsinki"]
[BlackTeam "Tomsk 400"]
[WhiteTeamCountry "FIN"]
[BlackTeamCountry "RUS"]

1. e4 c5 2. Nc3 Nc6 3. f4 g6 4. Nf3 Bg7 5. Bc4 e6 6. f5 Nge7 7. fxe6 fxe6 8. d3
O-O 9. O-O d5 10. Bb3 Na5 {Dies stellt die schwarze Hauptvariante dar. Damit
möchte Schwarz die Felder e5, d4 besetzen, ohne Weiß die Kontrolle über die
Felder e6, f7 zu überlassen. Siehe 15...e5.} (10... b5 {Diese aktive
Fortsetzung ist immer noch unklar.}) 11. Bg5 d4 (11... Nxb3 12. axb3 d4 13. Na4
) 12. Ne2 h6 13. Bd2 Nec6 (13... Nxb3 14. axb3 e5 15. b4 $1) 14. Qe1 Nxb3 15.
axb3 e5 16. Qh4 {'?!' Eine misslungene Neuerung. Der Übergang ins Endspiel
kommt Schwarz zugute, da er nun aktiv am Damenflügel gegen die Bauernschwäche
auf c2 agieren kann.} (16. Qg3 Qd6 (16... Kh7 17. Kh1 Qe7 18. h3 Bd7 19. Qh2
Rf7 20. Rf2 Raf8 {0-1 Villarreal,F-Ogaard,L/Buenos Aires 1978/EXT 2000 (47)})
17. h4 Bd7 18. Kh1 Rf7 19. h5 g5 20. Nh2 Raf8 21. Kg1 Qe6 {0-1 Johnson,
J-Donaldson,J/Seattle 1980/EXT 2004 (46)}) 16... Qxh4 17. Nxh4 Bg4 {'-/+'} 18.
Ng3 Kh7 19. h3 Be6 20. Nf3 Kg8 (20... a5 21. h4) 21. Nh2 (21. h4) 21... a5 22.
Ng4 Kh7 (22... h5 23. Nh2 {/\Nf3-g5}) 23. Rxf8 Rxf8 24. Rf1 {'?'} Rxf1+ 25.
Kxf1 Nb4 {'-+' Das Endspiel ist für Schwarz gewonnen: entfernter a-Freibauer,
das Läuferpaar stellt hier das entscheidende Übergewicht dar.} 26. Bxb4 cxb4
27. Ke1 b5 28. Ne2 Kg8 29. Nh2 h5 30. Kd1 Kf7 31. Nf3 Kf6 0-1

[Event "NED-ch51"]
[Site "Amsterdam"]
[Date "1996.06.15"]
[Round "8"]
[White "Reinderman, Dimitri"]
[Black "Sosonko, Gennadi"]
[Result "0-1"]
[WhiteElo "2495"]
[BlackElo "2515"]
[Annotator "Bangiev,A"]
[PlyCount "74"]
[EventDate "1996.06.07"]
[EventType "tourn"]
[EventRounds "11"]
[EventCountry "NED"]
[EventCategory "11"]
[SourceTitle "CBM 054"]
[Source "ChessBase"]
[SourceDate "1996.10.01"]
[SourceVersion "1"]
[SourceVersionDate "1996.10.01"]
[SourceQuality "1"]

1. e4 c5 2. Nc3 Nc6 3. f4 g6 4. Nf3 Bg7 5. Bb5 Nd4 6. O-O a6 7. Bd3 d6 8. Nxd4
cxd4 9. Ne2 Nf6 (9... e6 10. c3 (10. Kh1 Ne7 11. c3 dxc3 12. bxc3 O-O 13. Rb1
e5 14. fxe5 dxe5 15. Bc2 Nc6 16. Bb3 Qe7 17. Bd5 $14 {1/2-1/2 Arkell,
S-Degraeve,J/Cappelle op (01) 1993 (45)}) 10... dxc3 11. dxc3 Ne7 12. Kh1 O-O
13. Be3 Qc7 14. Qe1 Bd7 15. Rd1 Rae8 16. Bc2 Bb5 17. Rf2 d5 18. Nd4 Bd7 19. e5
$14 {Gdanski,J-Kuczynski,R/Polanica Zdroj (03) 1993/1-0 (44)}) (9... e5 10. c3
dxc3 11. dxc3 Nf6 12. Kh1 O-O 13. Qe1 d5 14. exd5 e4 15. Bc2 Qxd5 16. Be3 b5
17. Bb3 Qb7 18. Rd1 a5 19. a3 Ra6 20. Nd4 Nd7 $14 {Migl,D-Schneider,B2/BL2-S
9293 (1993) ;BL2 1993/1-0 (48)}) 10. Kh1 (10. b3 O-O 11. Bb2 e5 12. Ng3 Ng4 13.
h3 exf4 14. Ne2 f3 15. Rxf3 Ne5 16. Rg3 d5 17. exd5 Nxd3 18. Rxd3 Bf5 19. Rxd4
Bxd4+ 20. Nxd4 Qxd5 21. c4 Qe5 $15 {Nikolic,S-Spasov,V/Vrnjacka Banja 1976/0-1
(59)}) (10. Qe1 O-O 11. Qf2 e5 12. c3 d5 13. exd5 e4 14. Bc4 d3 15. Ng3 Ng4 16.
Qe1 b5 17. Bb3 f5 18. h3 Nf6 $17 {0-1 Sulman,R-Gheorghiu,F/Atlanta 1980 (36)})
(10. Nxd4 $4 Qb6) 10... O-O 11. Nxd4 Nxe4 12. Bxe4 Bxd4 13. Qf3 Rb8 (13... f5
14. Bxb7 Bxb7 15. Qxb7 $14) 14. c3 Bg7 15. f5 $5 {Eine klare Idee. Weiß ist
bestrebt, die Mobilisierung des Damenflügels nach dem Schema d4,Bg5 und Rae1
harmonisch abzuschließen und gleichzeitig starken Druck auf den Punkt e7 zu
schaffen.} (15. d4 f5 (15... b5 16. f5 {ist die Zugumstellung.}) 16. Bc2 b5
$132) 15... b5 16. d4 (16. d3 $5 d5 $5 (16... b4 17. Bd2 bxc3 18. Bxc3 $14) 17.
Bxd5 Bxf5 18. Bg5 (18. g4 $6 Be6 $15 (18... Bxg4 $2 19. Bxf7+ $18)) 18... Qd7
19. d4 $36 (19. Rae1 e6 20. Be4 Bxe4 21. Qxe4 $10)) 16... b4 $5 {[%csl Rc3]}
17. Bg5 $5 {[%csl Re7]} bxc3 18. bxc3 Qc7 $132 {[%csl Rc3]} 19. Qg3 {/\Qh4} Bb7
(19... Rb2 $5) 20. Rae1 $14 {[%csl Re7]} Rfe8 21. Bc2 $6 {/\Ba4->Re8,Pe7; /
\Qf4->Pf7} (21. Bxb7 $5 {Um sein Spiel am Königsflügel zu aktivieren, muß Weiß
unbedingt den Bb7 abtauschen.} Qxb7 (21... Rxb7 22. f6 $1 Bf8 $8 23. fxe7 Bxe7
24. Qf3 $1 $36 {[%csl Yb7,Rf7]} f5 $8 25. Re2 $16 {/\26.Rfe1} (25. Bh6 $5)) 22.
Qh4 $36 {[%csl Re7]} (22. f6 $6 exf6) 22... e6 23. f6 Bh8 (23... Bf8 24. Bh6
$16) 24. Qh6 $1 {[%csl Yh7] /\Rf3-h3} Qd5 25. Rf3 Rb2 26. Rg1 $18 {/\27.Rh3})
21... Bd5 $5 {Schwarz setzt in der Folge 22...Rb2 (->Bc2,Pa2,Pg2) durch und
erlangt gute Gegenchancen.} 22. Bb3 (22. Ba4 Rec8 (22... Rb2 $2 23. Bxe8 $18)
23. Bxe7 (23. fxg6 hxg6 24. Bxe7 Rb2 25. Rf2 Rxf2 26. Qxf2 Qxc3 $15) (23. Rxe7
$4 Qc4) 23... Rb2 24. Rf2 Rxf2 (24... Qxe7 $2 25. Rxb2) 25. Qxf2 gxf5 $5 $13 (
25... Qxc3 26. f6) 26. Qxf5 $6 Qxc3 $36) 22... Bc4 $5 (22... Bxb3 23. axb3 Rxb3
24. f6 Rxc3 25. Qh4 $13) 23. Rf3 (23. Bxc4 $6 Qxc4 $36 {[%csl Ra2,Rc3,Rf1]} 24.
Bxe7 $2 Rxe7) (23. fxg6 hxg6 24. Qf3 Bxb3 25. axb3 e5 $15) 23... e5 $5 24. Ba4
Rec8 25. Qh4 Rb2 26. Bh6 Bd5 $17 27. Rg3 Qd8 (27... Qb7 28. Bxg7 Bxg2+ 29. Kg1
Kxg7 30. f6+ Kh8 31. Qh6 Rg8 32. Bb3 $13) 28. Bg5 (28. Qxd8+ $142 Rxd8 $17)
28... Qa5 $1 $19 29. f6 Rxc3 (29... Qxa4 30. fxg7 Qxa2 31. Bf6 {/\32.Qh7} h5
32. Qg5 Rb1 $19) 30. Rg1 Rxg3 31. hxg3 Bf8 32. dxe5 Rb4 33. Bf4 Qxa4 34. exd6
Rb2 35. Qg4 Qc2 36. Qh3 Be6 37. Qh4 Qe4 0-1